000 00662nam a22002177a 4500
003 UA-OsUOA
001 81997
007 ta
008 20120214b un ||||| |||| 00| 0 ukr d
100 _aЛук'яненко Л.
090 _a32
_bЛ84
942 _cSA
040 _aUA-OsUOA
_bfre
_cUA-OsUOA
_dUA-OsUOA
245 _aУкраїська державність: політичний проект чи воля народу? Про деякі тези львіівського історика Ярослава Грицака
300 _aС.9
955 _a0
041 _afre
080 _a32
773 0 _w81996
650 7 _a32 Політика
_2UDC
999 _c368289
_d368289